Дело о происшествиях по Воронежской губернии

RUSMARC
00005181cbc2a2200000#x 450
00178af74c2-43c2-4a6a-9797-0c4ff8671354
00520240826152444.0
100##$a20181128l18671868k l0rusy0189 ca
1010#$arus
102##$aRU
2001#$aДело о происшествиях по Воронежской губернии
$j27 февраля 1867 г. - 31 января 1868 г.
251##$cДело
300##$aРукописный текст. Чернила
801#0$aRU
$bРГИА
$c20181128
801#1$aRU
$bГлавНИВЦ
$c20181128
$2rusmarc
801#2$aRU
$bПБ им. Б.Н. Ельцина
$c20210311
$gRCR
$2rusmarc
850##$aФедеральное казенное учреждение "Российский государственный исторический архив"
852##$aРГИА
$j194
937##$hРГИА
$d12293815
$aASBIBLIO_SCAN
462#0$100191353b96-cc3d-4f24-9eeb-3bfef1665a95
$12001
$a1863-1879 гг. Дела Департамента полиции исполнительной МВД за 1867 год
$vД. 194
$1251
$cОпись
$1852
$j28
461#0$10013e300ed0-cd39-49af-8489-5ba5b90fa401
$12001
$aДепартамент полиции исполнительной МВД
$1251
$cФонд
$1852
$j1286
215##$a119 листов
$d36,5х26 см
371##$aДокумент не является опубликованным и широко распространяемым
105##$ay###
1222#$ad18670227##
$ad18680131##
035##$a78af74c2-43c2-4a6a-9797-0c4ff8671354
856##$uhttp://readingroom.main.prlib.ru/item.aspx?id_node=n158404617&mode=full
605##$2acquisition_Prlib
$3LIBNET\UAF\0000031645
$aВоронежская область: страницы истории
$lколлекция
605##$2acquisition_Prlib
$3DITM\AF\0000004675
$aТерритория
$lколлекция
6061#$2nlr_sh
$3RU\NLR\AUTH\6601664452
$aПолиция
$jАрхивные дела
$xПолиция
$yВоронежская губерния
607##$2prlib_sh
$3LIBNET\UAF\0000113199
$aВоронежская губерния
$jАрхивные дела
$xИстория
$z19 в.
617##$2prlib_sh
$cВоронежская губерния
617##$2prlib_sh
$cВоронежская область
686##$2rubbk
$a63.3(28-8Вор)52-28ю1
$vLBC/M
Формат отображения